00984nam a22001937a 4500003000400000005001700004008004100021020002200062040003300084110009300117245017800210260011600388300000800504520004500512650005000557942003300607999001700640952013300657OSt20250228110953.0250228b2014 dr a|||| ip|| 001 0 spa d aONLINE: 2409-1553 aCGID0031bspacCGID0031erda a Instituto Dominicano de Evaluación e Investigación de la Calidad Educativa (IDEICE) aVol. 1 Núm. 1 (2014): Revie - Revista de Investigación y Evaluación Educativac Instituto Dominicano de Evaluación e Investigación de la Calidad Educativa (IDEICE) aSanto Domingo: b Instituto Dominicano de Evaluación e Investigación de la Calidad Educativa (IDEICE)c2014 a56p aInvestigación y Evaluación Educativa 21- Investigación 2- Evaluación Educativa 2ddccREVeVol. 1 Núm. 1n0 c12511d12511 00102ddc4070aRIbRId2025-02-28l0r2025-02-28 15:09:43uhttps://revie.gob.do/index.php/revie/issue/view/16w2025-02-28yREV